| 000 | 00539nam a2200181Ia 4500 | ||
|---|---|---|---|
| 003 | OSt | ||
| 005 | 20200825110104.0 | ||
| 008 | 190216s9999||||xx |||||||||||||| ||und|| | ||
| 020 | _a9788173192777 | ||
| 040 | _coclc | ||
| 082 |
_a530.15 _bKAU/A |
||
| 100 |
_aKaushal, R S _94326 |
||
| 245 | 0 |
_aAdvanced Method Of Mathematical Physics / _cR S Kaushal ; D Parashar |
|
| 260 |
_bNarosa Publishing House, _c2000. _aNew Delhi: |
||
| 300 | _a508p | ||
| 650 | _aPhysics | ||
| 942 |
_cBK _2ddc _h530.15 _iKAU/A _k530.15 _mKAU/A |
||
| 999 |
_c33628 _d33628 |
||